000 01055nam a2200229 i 4500
001 bg
100 1 _aZEGAR, Józef Stanisław
245 1 0 _aDochody gospodarstw chłopskich w okresie transformacji :
_b(na przykładzie gospodarstw prowadzących rachunkowość rolną) /
_cJózef Stanisław Zegar.
260 _aWarszawa :
_bIERiGŻ,
_c2000.
300 _a78, [1] s. ;
_c25 cm.
490 1 _aStudia i Monografie / Instytut Ekonomiki Rolnictwa i Gospodarki Żywnościowej,
_x0239-7102 ;
_v101
500 _aStreszcz. ang., ros.
650 9 _aDochody indywidualne
_xrolnictwo
_zPolska
_yod 1989 r.
650 9 _aGospodarstwo rolne
_xekonomika
_zPolska
_yod 1989 r.
830 0 _aStudia i Monografie (Instytut Ekonomiki Rolnictwa i Gospodarki Żywnościowej) ;
_v101
040 _cBPK
041 0 _apol
_bengrus
080 _a631.16:330.567.2](438)"1989/..."
942 _cKS
008 s pl f |000 0 pol
999 _c43170
_d43170
856 _uhttp://koha.tu.koszalin.pl/cgi-bin/koha/opac-detail.pl?biblionumber=43170
_yKatalog online BPK